LEADER 00905nam0-22003251i-450- 001 990005293900403321 005 20080617100343.0 035 $a000529390 035 $aFED01000529390 035 $a(Aleph)000529390FED01 035 $a000529390 100 $a19990604d1982----km-y0itay50------ba 101 0 $aita 102 $aIT 105 $ay-------001yy 200 1 $a<>Italia nell'eta di Dante, Petrarca e Boccaccio$fJohn Larner 210 $aBologna$cIl Mulino$d1982 215 $a460 p.$d22 cm 225 1 $aBiblioteca storica 676 $a945.04$v21$zita 700 1$aLarner,$bJohn$0206309 801 0$aIT$bUNINA$gRICA$2UNIMARC 901 $aBK 912 $a990005293900403321 952 $aSDI-KD 171$bs.i.$fSDI 952 $a945.04 LAR 1$bST.REL. 1988$fFLFBC 959 $aFLFBC 959 $aSDI 996 $aItalia nell'eta di Dante, Petrarca e Boccaccio$9141478 997 $aUNINA LEADER 00771nam0-22002771i-450- 001 990003907120403321 005 20130521170217.0 010 $a88-15-08112-7 035 $a000390712 035 $aFED01000390712 035 $a(Aleph)000390712FED01 035 $a000390712 100 $a20030910d1997----km-y0itay50------ba 101 0 $aita 102 $aIT 200 1 $aGlobalizzazione e frammentazione$ele relazioni internazionali nel XX secolo$fIan Clark 210 $aBologna$cil Mulino$d1997 215 $a382 p.$d24 cm 700 1$aClark,$bIan$0141711 801 0$aIT$bUNINA$gRICA$2UNIMARC 901 $aBK 912 $a990003907120403321 952 $aN1.163$b8792$fDECTS 959 $aDECTS 996 $aGlobalizzazione e frammentazione$9208451 997 $aUNINA LEADER 01927nam 2200577 450 001 9910460527803321 005 20200520144314.0 010 $a1-68123-358-4 035 $a(CKB)3710000000530696 035 $a(EBL)4340032 035 $a(SSID)ssj0001598753 035 $a(PQKBManifestationID)16300444 035 $a(PQKBTitleCode)TC0001598753 035 $a(PQKBWorkID)14883655 035 $a(PQKB)11740185 035 $a(MiAaPQ)EBC4340032 035 $a(Au-PeEL)EBL4340032 035 $a(CaPaEBR)ebr11146902 035 $a(OCoLC)936880082 035 $a(EXLCZ)993710000000530696 100 $a20160205h20162016 uy 0 101 0 $aeng 135 $aur|n|---||||| 181 $ctxt 182 $cc 183 $acr 200 00$aEnhancing writing skills /$fedited by Oluwakemi Elufiede, Tina Murray, Carrie Boden-McGill 210 1$aCharlotte, North Carolina :$cInformation Age Publishing, Inc.,$d2016. 210 4$dİ2016 215 $a1 online resource (151 p.) 225 0 $aAdult Learning in Professional, Organizational, and Community Settings 300 $aDescription based upon print version of record. 311 $a1-68123-356-8 327 $aPages:1 to 25; Pages:26 to 50; Pages:51 to 75; Pages:76 to 100; Pages:101 to 125; Pages:126 to 150; Pages:151 to 151 410 0$aAdult Learning in Professional, Organizational, and Community Settings 606 $aCreative writing$xStudy and teaching$vCongresses 606 $aAdult education$vCongresses 608 $aElectronic books. 615 0$aCreative writing$xStudy and teaching 615 0$aAdult education 676 $a808.0071 702 $aElufiede$b Oluwakemi 702 $aMurray$b Tina 702 $aBoden$b Carrie J. 801 0$bMiAaPQ 801 1$bMiAaPQ 801 2$bMiAaPQ 906 $aBOOK 912 $a9910460527803321 996 $aEnhancing writing skills$92462010 997 $aUNINA